| 000 | 00680cam a2200193 i 4500 | ||
|---|---|---|---|
| 005 | 20260203100105.0 | ||
| 008 | 250721s2001 jo gr 000 0 ara d | ||
| 020 | _a9957060945 | ||
| 082 | 1 | 4 |
_a371.39 _bغ ب ا |
| 100 | 1 |
_aغباين، عمر محمود _eمؤلف. |
|
| 245 | 1 | 2 |
_aالتعلم الذاتي بالحقائب التعليمية / _cالدكتور عمر محمود غباين. |
| 250 | _aالطبعة الأولى. | ||
| 264 | 3 | 1 |
_aعمان : _bدارالمسيرة للنشر والتوزيع، _c2001. |
| 300 | _a396 صفحة. | ||
| 650 | 1 | 7 | _aالتعلم الذاتي. |
| 650 | 1 | 7 | _aالتعليم. |
| 942 |
_2ddc _cBK |
||
| 999 |
_c65531 _d65531 |
||